May Your tribe Increase A collection of reminiscences about late M.S. Anita Kaul (Record no. 56)
[ view plain ]
| 000 -LEADER | |
|---|---|
| fixed length control field | 00330nam a2200121Ia 4500 |
| 008 - FIXED-LENGTH DATA ELEMENTS--GENERAL INFORMATION | |
| fixed length control field | 230125s9999 xx 000 0 und d |
| 082 ## - DEWEY DECIMAL CLASSIFICATION NUMBER | |
| Classification number | 920 |
| Item number | FRIM |
| 100 ## - MAIN ENTRY--PERSONAL NAME | |
| Personal name | Friends |
| 245 #0 - TITLE STATEMENT | |
| Title | May Your tribe Increase A collection of reminiscences about late M.S. Anita Kaul |
| 260 ## - PUBLICATION, DISTRIBUTION, ETC. | |
| Name of publisher, distributor, etc. | Mohan H L, Bengaluru |
| Date of publication, distribution, etc. | 2017 |
| 300 ## - PHYSICAL DESCRIPTION | |
| Extent | 94 |
| 942 ## - ADDED ENTRY ELEMENTS (KOHA) | |
| Koha item type | Book |
| Withdrawn status | Lost status | Source of classification or shelving scheme | Damaged status | Not for loan | Collection code | Home library | Current library | Shelving location | Date acquired | Full call number | Barcode | Date last seen | Price effective from | Koha item type | Public note |
|---|---|---|---|---|---|---|---|---|---|---|---|---|---|---|---|
| Dewey Decimal Classification | Non-fiction | RIC Library | RIC Library | General Stacks | 01/25/2023 | 920 FRIM | 000056 | 01/25/2023 | 01/25/2023 | Book | R-16.2 |
